| 000 | 00000nam 2200000za 4500 |
| 001 | 9.853225 |
| 003 | CaOODSP |
| 005 | 20250307073046 |
| 007 | cr ||||||||||| |
| 008 | 180308s2012 onc o f000 0 fre d |
| 020 | |a978-0-660-25648-1 |
| 040 | |aCaOODSP|bfre |
| 043 | |an-cn--- |
| 086 | 1 |aBT43-26/2012F-PDF |
| 245 | 00|aSommaire de l’évaluation des incidences sur la vie privée |h[ressource électronique] : |butilisation du numéro d’assurance sociale comme identificateur de dossier pour les régimes de pension de la fonction publique, des Forces canadiennes et de la Gendarmerie royale du Canada. |
| 260 | |aOttawa : |bSecrétariat du Conseil du Trésor du Canada, |c2012. |
| 300 | |a7 p. |
| 500 | |a« Publié : le 2012-00-01. » |
| 500 | |aTitre pris sur la couv. |
| 500 | |aPubl. aussi en anglais sous le titre : Privacy impact assessment summary for the use of the Social Insurance Number as a file identifier for the Public Service, Canadian Forces and Royal Canadian Mounted Police pension plans. |
| 520 | |a« Le présent document a pour but de faciliter l'examen de l'évaluation des facteurs relatifs à la vie privée concernant l'utilisation du numéro d'assurance sociale comme identificateur de dossier pour l'administration des régimes de pension fédéraux établis aux termes de la Loi sur la pension de la fonction publique, de la Loi sur la pension de retraite des Forces canadiennes et de la Loi sur la pension de retraite de la Gendarmerie royale du Canada. Le document examine aussi les quatre risques d'entrave à la vie privée décelés dans l'évaluation des facteurs relatifs à la vie privée, ainsi que les recommandations formulées pour y faire face et les mesures prises pour mettre ces recommandations en oeuvre » -- But, p. 1. |
| 692 | 07|2gccst|aVie privée |
| 692 | 07|2gccst|aNuméro d'assurance sociale |
| 692 | 07|2gccst|aPension |
| 710 | 1 |aCanada. |bConseil du trésor. |
| 775 | 08|tPrivacy impact assessment summary for the use of the Social Insurance Number as a file identifier for the Public Service, Canadian Forces and Royal Canadian Mounted Police pension plans |w(CaOODSP)9.853222 |
| 856 | 40|qPDF|s697 Ko|uhttps://publications.gc.ca/collections/collection_2018/sct-tbs/BT43-26-2012-fra.pdf |